000 00371nam a22001577a 4500
003 MPLRDC
005 20220104123342.0
008 210129b ||||| |||| 00| 0 eng d
082 _a426.2 LXQ
100 _a李筱青编著
245 _a新款背心编织
_c
260 _a
_b香港得利书局
_c
300 _b
650 _a家庭编织
942 _cBK
_o426.2 LXQ
999 _c10719
_d10709